|
|
|
|
| LEADER |
00000cam a2200000 a 4500 |
| 001 |
61447 |
| 003 |
CZ-ZlUTB |
| 005 |
20240829144652.0 |
| 007 |
ta |
| 008 |
110923s2011 xr a f m 000 0 cze |
| 015 |
|
|
|a cnb002225825
|
| 020 |
|
|
|a 9788074540929
|q (brož.)
|z 978-807454-092-9
|
| 040 |
|
|
|a ABA001
|b cze
|d BOA001
|d ZLD002
|
| 041 |
0 |
|
|a cze
|b eng
|
| 072 |
|
7 |
|a 658
|x Řízení a správa podniku
|2 Konspekt
|9 4
|
| 080 |
|
|
|a 005.51
|2 MRF
|
| 080 |
|
|
|a 658.5
|2 MRF
|
| 080 |
|
|
|a 005.5
|2 MRF
|
| 080 |
|
|
|a 66
|2 MRF
|
| 080 |
|
|
|a (043.5)
|2 MRF
|
| 080 |
|
|
|a (048.3)
|2 MRF
|
| 100 |
1 |
|
|a Branská, Lenka,
|d 1969-
|7 xx0072165
|4 dis
|
| 245 |
1 |
0 |
|a Uplatnění metody Quick Response v dodavatelsko-odběratelských řetězcích s chemicko-technologickými výrobními procesy =
|b Quick Response method application in supply chains involving chemical continuous productions : teze habilitační práce /
|c autor Lenka Branská
|
| 246 |
3 |
1 |
|a Quick Response method application in supply chains involving chemical continuous productions
|
| 260 |
|
|
|a Zlín :
|b Univerzita Tomáše Bati ve Zlíně,
|c 2011
|
| 300 |
|
|
|a 42 s. :
|b il. ;
|c 21 cm
|
| 490 |
1 |
|
|a Teze habilitační práce =
|a Habilitation thesis summary
|
| 500 |
|
|
|a "Obor Management a ekonomika podniku"
|
| 500 |
|
|
|a 60 výt.
|
| 502 |
|
|
|a Teze habilitační práce--Univerzita Tomáše Bati ve Zlíně, Fakulta managementu a ekonomiky, 2011
|
| 504 |
|
|
|a Obsahuje bibliografii
|
| 546 |
|
|
|a Anglické resumé
|
| 650 |
0 |
7 |
|a logistika (management)
|7 ph122437
|2 czenas
|
| 650 |
0 |
7 |
|a výrobní management
|7 ph116702
|2 czenas
|
| 650 |
0 |
7 |
|a procesní management
|7 ph166531
|2 czenas
|
| 650 |
0 |
7 |
|a chemický průmysl
|7 ph119158
|2 czenas
|
| 650 |
0 |
9 |
|a business logistics
|2 eczenas
|
| 650 |
0 |
9 |
|a production management
|2 eczenas
|
| 650 |
0 |
9 |
|a process management
|2 eczenas
|
| 650 |
0 |
9 |
|a chemical industry
|2 eczenas
|
| 653 |
0 |
|
|a metoda Quick Response
|
| 655 |
|
7 |
|a habilitační práce
|7 fd185153
|2 czenas
|
| 655 |
|
7 |
|a teze
|7 fd133701
|2 czenas
|
| 655 |
|
9 |
|a habilitation theses
|2 eczenas
|
| 655 |
|
9 |
|a abstracts
|2 eczenas
|
| 710 |
2 |
|
|a Univerzita Tomáše Bati ve Zlíně.
|b Fakulta managementu a ekonomiky
|7 kn20010709196
|
| 810 |
2 |
|
|a Univerzita Tomáše Bati ve Zlíně.
|t Teze habilitační práce
|
| 910 |
|
|
|a ZLD002
|
| 952 |
|
|
|0 0
|1 0
|2 udc
|4 0
|6 KBRANSKÁL
|7 0
|8 MANUS
|9 112189
|a UTBZL
|b UTBZL
|c 037
|d 2011-10-24
|l 0
|o K/BRANSKÁ,L.
|p 420010140767
|r 2019-08-26 00:00:00
|v 50.00
|w 2019-08-26
|x N: povinný výtisk; | 20100831
|y 01
|
| 992 |
|
|
|a BK
|b SK
|
| 901 |
|
|
|a ISBN 978-807454-092-9
|f [1. vyd.]
|g Chybné ISBN uvedeno na rubu titulního listu
|o 20111005
|
| 998 |
|
|
|a 004993468
|
| 999 |
|
|
|c 61447
|d 61447
|